000 00207nam a2200097Ia 4500
008 220204s9999 xx 000 0 und d
082 _a82-3
_bMIL
100 _aMilan, Angel
245 0 _aSonatina
942 _cBK
999 _c37464
_d37464